Most Populous Indian Ocean Countries Quiz Stats

 Plays Quiz not verified by Sporcle

Score 0/15 Timer 04:00
0 Plays Today
Continent Country % Correct
AsiaIndia
99.6%
AsiaPakistan
94.2%
AsiaIndonesia
92.5%
AsiaBangladesh
91.3%
AsiaThailand
90.8%
AsiaIran
90.4%
AfricaSouth Africa
90%
AsiaMyanmar
88.8%
Continent Country % Correct
AfricaKenya
87.5%
AsiaSaudi Arabia
87.5%
AsiaMalaysia
86.7%
AfricaEgypt
86.3%
AfricaTanzania
86.3%
AsiaIraq
84.6%
AfricaSudan
78.3%

You're not logged in!

Compare scores with friends on all Sporcle quizzes.
OR
Log In

Sporcle TV

Today on Sporcle TV


Watch our educational content, quiz creation guides, and fun videos on Sporcle TV.

Show Comments

Extras

Top Quizzes Today


Score Distribution

Your Account Isn't Verified!

In order to create a playlist on Sporcle, you need to verify the email address you used during registration. Go to your Sporcle Settings to finish the process.

Report this User

Report this user for behavior that violates our Community Guidelines.

Details: